Southernmost Capital Cities - Statistics

General Stats
  • This quiz has been taken 30 times
    19 since last reset
  • The average score is 11 of 15
Answer Stats
Latitude Answer % Correct
33.92 Cape Town
100%
34.60 Buenos Aires
95%
35.28 Canberra
95%
41.29 Wellington
95%
33.45 Santiago
89%
34.88 Montevideo
84%
25.27 Asunción
79%
29.36 Maseru
68%
18.13 Suva
68%
22.57 Windhoek
68%
24.65 Gaborone
63%
26.32 Mbabane
63%
21.13 Nuku'alofa
63%
18.93 Antananarivo
53%
20.15 Port Louis
37%
No matching quizzes found
Score Distribution
Percent of People with Each Score
Percentile by Number Answered
Your Score History
You have not taken this quiz since the last reset